Historia de salvación: la experiencia religiosa del pueblo de Dios

Збережено в:
Бібліографічні деталі
Автор: Croatto, José Severino (Автор)
Формат: Книга
Мова:Іспанська
Опубліковано: Pamplona Verbo Divino 1995
Предмети:
Теги: Додати тег
Немає тегів, Будьте першим, хто поставить тег для цього запису!

MARC

LEADER 00000nam a2200000 a 4500
001 UCM3645
003 CL-VaPUC
008 020712e19950000SP |||||||||||||||||spa|d
082 0 4 |a 220.61  |b CRO  |2 21 
100 0 |a Croatto, José Severino  |e author  |9 470362 
245 1 0 |a Historia de salvación: la experiencia religiosa del pueblo de Dios 
300 |a 395 p 
942 |c BK 
945 |d 20020712 00:00:00  |a cmena 
260 |a Pamplona  |b Verbo Divino  |c 1995 
650 0 |a Biblia  |9 257603 
650 0 |a Hermenéutica  |9 269473 
650 0 |a Salvación  |9 315007 
583 |a last modification  |c 20130402 08:00:26  |k Rodrigo Vera 
999 |c 300849  |d 300847 
952 |0 0  |1 0  |4 0  |6 220_610000000000000_CRO_1995  |7 0  |8 F  |9 359215  |a BIBTEO  |b BIBTEO  |d 2019-11-21  |i 3829308  |l 2  |o 220.61 CRO 1995  |p 3829308  |q 2025-03-03  |r 2025-01-17  |s 2025-01-14  |w 2019-11-21  |y BK_F  |k ICR